|
|
|
|
| LEADER |
01356ndm a2200325 a 4500 |
| 001 |
000951643 |
| 003 |
CZ BrMZK |
| 005 |
20230202121647.0 |
| 007 |
qu |
| 008 |
090626s1900 xx sgzef cze d |
| 031 |
|
|
|a 01
|b 01
|c 01
|d Andantino
|m T 1
|g g-2
|n bBEAD
|o 3/4
|p ,4AAA/{8AB}'2C/8DC,2B/2A-/
|t Ach synku synku doma-li jsi
|r A|b
|2 pe
|
| 040 |
|
|
|a BOA001
|b cze
|
| 048 |
|
|
|a cc04
|
| 072 |
|
7 |
|a 784
|x Vokální hudba
|2 Konspekt
|9 9
|
| 080 |
|
|
|a 78.087
|2 MRF
|
| 080 |
|
|
|a (0.032)78
|2 MRF
|
| 100 |
1 |
|
|a Vašák, Emanuel,
|d 1818-1891
|7 jk01141644
|4 cmp
|
| 245 |
1 |
0 |
|a Těžké orání (národní)
|h [rukopis] /
|c složil E. Vašák
|
| 260 |
|
|
|c [1900?]
|
| 300 |
|
|
|a 4 rkp hlasy [2, 1, 2, 2 s.] ;
|c 27 cm
|
| 500 |
|
|
|a Dostupné též v digitální podobě v aplikaci Kramerius
|
| 650 |
0 |
7 |
|a mužské sbory
|7 ph260644
|2 czenas
|
| 655 |
|
7 |
|a hlasy
|7 fd186703
|2 czenas
|
| 655 |
|
7 |
|a hudební rukopisy
|7 fd278469
|2 czenas
|
| 856 |
4 |
1 |
|u http://audioserver.mzk.cz/incipity/png/000951643-010101.png
|y Zobrazení hudebního incipitu
|
| 856 |
4 |
1 |
|u http://www.digitalniknihovna.cz/mzk/view/uuid:01ac3f1c-1fc1-4631-9729-6f482785bfd1
|y Digitalizovaný dokument
|
| 910 |
|
|
|a BOA001
|b RKPMus-0603.025
|
| 990 |
|
|
|a MU
|
| 991 |
|
|
|b 200906
|
| 996 |
6 |
|
|b 2619310258
|c RKPMus-0603.025
|l Stud. starých tisků/4.patro
|r Sklad / do násl. otevíracího dne
|n 0
|w 001083536
|x 9
|u 000010
|a 1
|e BOA001
|j MZK50
|s P
|